000 00272nam a22001337a 4500
008 181012b xxu||||| |||| 00| 0 eng d
020 _a06970357754
041 _aeng
080 _a573
100 _a11
101 _aBIO
245 _aBotany
_cMoore, R
942 _2udc
_cBK
999 _c49518
_d49518